| 000 | 00510 a2200169 4500 | ||
|---|---|---|---|
| 999 |
_c7371 _d7371 |
||
| 020 | _a---- | ||
| 050 | 0 | 0 | _aDA16 CHU 1958 |
| 100 | 1 |
_aChurchill, Winston, _d1874-1965. |
|
| 245 | 1 | 2 |
_aA history of the English-speaking peoples volume 1: _bThe birth of Britain/ _cWinston S. Churchill |
| 264 |
_aLondon: _bCassell and Company Ltd, _c1956 |
||
| 300 | _a416 p.: | ||
| 500 | _aIncludes index | ||
| 650 | _aHistory | ||
| 651 | 0 | _aGreat Britain | |
| 651 | 0 | _aEnglish-speaking countries | |
| 942 |
_2lcc _cBK _h16 _iCHU _kDA |
||